Maiores Cidades do Amapá - Statistics

Estatísticas Gerais
  • Esse quiz foi jogado 214 vezes
  • A pontuação média é 6 de 10
Respostas no mapa
Respostas codificadas por cores de uma escala verde-vermelha no mapa do quiz de acordo com a % correta abaixo.
 
Estatísticas das Respostas
População Município % Correto
512.902 Macapá
100%
27.906 Oiapoque
86%
123.096 Santana
79%
51.362 Laranjal do Jari
71%
22.053 Mazagão
55%
16.254 Vitória do Jari
55%
11.306 Calçoene
51%
17.769 Tartarugalzinho
50%
22.452 Porto Grande
47%
17.067 Pedra Branca do Amapari
42%
Nenhum quiz correspondente encontrado
Distribuição das Pontuações
Porcentagem de Pessoas com Cada Pontuação
Percentil de Números Respondidos
Sua Pontuação Histórica
Você não jogou esse quiz